Úvod do podnikania a manažmentu
Salvato in:
| Autori principali: | , |
|---|---|
| Natura: | Libro |
| Lingua: | slovacco |
| Pubblicazione: |
Bratislava :
KARTPRINT,
2006
|
| Soggetti: | |
| Tags: |
Nessun Tag, puoi essere il primo ad aggiungerne!!
|
MARC
| LEADER | 00000nam a22000003a 4500 | ||
|---|---|---|---|
| 001 | stu201652 | ||
| 005 | 20240509121304.4 | ||
| 008 | 100329s1996----xo------------------slo-d | ||
| 020 | |a 80-88870-59-3 | ||
| 040 | |a STU |b slo | ||
| 041 | 0 | |a slo | |
| 044 | |a xo | ||
| 080 | |a 658.1 | ||
| 080 | |a 658.5(03) | ||
| 100 | 1 | |a Papulová, Emília |4 aut | |
| 245 | 1 | |a Úvod do podnikania a manažmentu | |
| 260 | |a Bratislava : |b KARTPRINT, |c 2006 | ||
| 300 | |a 248 s | ||
| 650 | 7 | |a podnikanie |2 stusub | |
| 650 | 7 | |a lexikony |2 stusub | |
| 650 | 7 | |a Management |2 estusub | |
| 700 | 1 | |a a kol. |4 aut | |
| 996 | |b 284EK88245 |c E*88245 |l EE01 |s A |a 24 |w stu201652_0001 | ||
| 996 | |b 284IK06950 |c I* 3M14053 |l I |s A |a 24 |w stu201652_0002 | ||